| 000 | 00881nam a2200265 a 4500 | ||
|---|---|---|---|
| 008 | 060303s2006||||xo ol f 001 0 slo d | ||
| 020 |
_a8096929216 _q(viaz.) _cDar |
||
| 040 |
_aSNK _bslo _cSNK _eAACR2 |
||
| 041 | 0 |
_aslo _acze |
|
| 044 |
_axo _cSK |
||
| 072 | 7 |
_a616 _xPatológia. Klinická medicína _2konspekt |
|
| 080 |
_a616.21 _22001 |
||
| 080 |
_a616.21/.22 _22001 |
||
| 080 |
_a(048.8) _22001 |
||
| 100 | 1 | _aSičák, Marián | |
| 245 | 1 | 0 |
_aRinológia - choroby nosa a prinosových dutín _cvedúci autorského kolektívu Marián Sičák |
| 250 | _a1. vyd. | ||
| 260 |
_aMartin _bKozák-Press _c2006 |
||
| 300 |
_a339 s. _bfotogr. (prevažne fareb.), sch., tab. _c29 cm |
||
| 500 | _aČiast. text čes. | ||
| 504 | _aBibliogr. s. 324-333. Reg. | ||
| 650 | 0 | 7 |
_aotolaryngológia _2SNKPH |
| 650 | 0 | 7 |
_achoroby horných ciest dychacích _2SNKPH |
| 650 | 0 | 7 |
_arinológia _2SNKPH |
| 999 |
_c19940 _d19940 |
||